Geetar suriya madee (Record no. 3651)

MARC details
000 -LEADER
fixed length control field 00498cam a2200193ua 4500
008 - FIXED-LENGTH DATA ELEMENTS--GENERAL INFORMATION
fixed length control field 111222n ii |||gr||||Z||||||asm
040 ## - CATALOGING SOURCE
Transcribing agency MAIN
082 ## - DEWEY DECIMAL CLASSIFICATION NUMBER
Classification number 780
100 ## - MAIN ENTRY--PERSONAL NAME
Personal name Hazarika, Biren,
Relator term
245 11 - TITLE STATEMENT
Title Geetar suriya madee
Statement of responsibility, etc. ed. by Biren Hazarika
250 ## - EDITION STATEMENT
Edition statement 1st.
260 ## - PUBLICATION, DISTRIBUTION, ETC.
Place of publication, distribution, etc. Sibsagarh:
Name of publisher, distributor, etc. Udayan prakashan,996.
300 ## - PHYSICAL DESCRIPTION
Extent 221p:
Dimensions 23cm.
700 ## - ADDED ENTRY--PERSONAL NAME
Personal name Kalita, Prabin Chandra,
Relator term
942 ## - ADDED ENTRY ELEMENTS (KOHA)
Koha item type Books
653 ## - INDEX TERM--UNCONTROLLED
Uncontrolled term Assamese song
653 ## - INDEX TERM--UNCONTROLLED
Uncontrolled term Geetar suriya madee
Holdings
Withdrawn status Lost status Damaged status Not for loan Home library Current library Shelving location Date acquired Total Checkouts Full call number Barcode Date last seen Copy number Price effective from Koha item type
        Central Library, Naharkatiya College Central Library, Naharkatiya College General Stacks 19/09/2020   780 | GEE 10511 19/09/2020 1 19/09/2020 Books

Naharkatiya College © 2020. All rights reserved.

Powered By